| 000 | 00000nam 2200000za 4500 |
| 001 | 9.627400 |
| 003 | CaOODSP |
| 005 | 20240402095806 |
| 007 | ta |
| 008 | 150406|2007||||xxc||||| f|0| 0 fre d |
| 020 | |a978-0-662-73459-8 |
| 022 | |a1712-0225 |
| 040 | |aCaOODSP|bfre |
| 043 | |an-cn--- |
| 086 | 1 |aEn153-113/64-2007F |
| 110 | 1 |aCanada. |bEnvironnement Canada. |
| 245 | 10|aEaux usées - ÉcoboxMC : |bsolution biologique pour le traitement secondaire avancé des eaux usées de résidences isolées |
| 260 | |bEnvironnement Canada |cFévrier 2007. |
| 300 | |a1 feuille pliée ([4]p.) : |bill. en couleur, tableau ; |c28 cm. |
| 490 | 1 |aInnovation technologique|x1712-0225 |
| 520 | 3 |aCette fiche d’information fait partie d’une série qui sert à disséminer les résultats obtenus dans le cadre de projets de développement et de démonstration technologiques. Les fiches d’information portent sur les secteurs suivants : eaux usées, émissions atmosphériques, sols contaminés, matières résiduelles, déchets dangereux, agro-environnement, et outil et procédés novateurs. |
| 563 | |aDépliant |
| 590 | |a08-06|b2008-02-08 |
| 691 | 07|aEaux usées|2gcpds |
| 775 | 08|tWastewater - EcoboxTM : |w(CaOODSP)9.618178 |
| 776 | 0#|tEaux usées : |w(CaOODSP)9.936184 |
| 830 | #0|aEnvironnement, innovation technologique,|x1712-0225|w(CaOODSP)9.513544 |